Loading...
| Fine Arts - Classical Music | 9 | 18.89 | 4,311% | 522% | 422% |
| Fine Arts - Other | 6 | 21.67 | 5,650% | 533% | 567% |
| Fine Arts - Painting & Sculpture | 4 | 15.00 | 6,875% | 0% | 425% |
| History - American | 4 | 17.50 | 1,600% | 875% | 425% |
| History - European | 4 | 22.50 | 6,875% | 600% | 425% |
| History - Other | 6 | 16.67 | 4,583% | 250% | 583% |
| History - World | 6 | 13.33 | 5,433% | 267% | 150% |
| Literature - American | 7 | 12.86 | 3,929% | 114% | 471% |
| Literature - British | 5 | 14.00 | 2,560% | 280% | 500% |
| Literature - European | 7 | 18.57 | 4,257% | 200% | 443% |
| Literature - World | 8 | 15.00 | 3,438% | 313% | 525% |
| Mythology | 4 | 17.50 | 4,850% | 175% | 575% |
| Other | 7 | 18.57 | 2,071% | 743% | 514% |
| Philosophy | 5 | 18.00 | 3,240% | 200% | 680% |
| Religion | 6 | 16.67 | 2,700% | 433% | 550% |
| Science - Biology | 6 | 18.33 | 2,767% | 350% | 683% |
| Science - Chemistry | 4 | 20.00 | 1,325% | 250% | 625% |
| Science - Other | 7 | 18.57 | 3,800% | 471% | 386% |
| Science - Physics | 4 | 20.00 | 2,825% | 225% | 650% |
| Social Science | 8 | 21.25 | 5,913% | 425% | 588% |